Equipos que eliminaron al Barcelona en Champions League - Estadísticas

Estadísticas generales
  • Esta prueba ha sido intentada 102 veces
    66 desde el último reinicio
  • La puntuación promedio es 18 de 25
Estadísticas de respuestas
Hint Respuesta % Correcto
1994-95 PSG
96%
2020-21 PSG
96%
2023-24 PSG
96%
2006-07 Liverpool
92%
2018-19 Liverpool
92%
2017-18 Roma
92%
2002-03 Juventus
90%
2016-17 Juventus
90%
2012-13 Bayern Munich
84%
2019-20 Bayern Munich
84%
1993-94 AC Milan
82%
1959-60 Real Madrid
82%
2001-02 Real Madrid
82%
2004-05 Chelsea
80%
2011-12 Chelsea
80%
2007-08 Manchester United
78%
2009-10 Inter Milan
71%
2024-25 Inter Milan
71%
1960-61 Benfica
63%
2013-14 Atlético Madrid
59%
2015-16 Atlético Madrid
59%
1999-00 Valencia
47%
1974-75 Leeds
24%
1985-86 Steaua de Bucarest
24%
1992-93 CSKA Moscú
8%
No se encontraron pruebas coincidentes
Distribución de puntuación
Porcentaje de gente con cada puntuación
Porcentaje por número respondido
Historial de tus puntuaciones
No has intentado esta prueba desde el último reinicio